Společný management kvality v dodavatelském řetězci : Vznik produktu. Projektová dokumentace VDA/QMC. Stav: 3.11.2006
Saved in:
| Format: | Book |
|---|---|
| Language: | Czech |
| Published: |
Praha :
Česká společnost pro jakost,
2007
|
| Edition: | 1. vyd |
| Series: | Management jakosti v automobilovém průmyslu
|
| Subjects: | |
| Tags: |
No Tags, Be the first to tag this record!
|
MARC
| LEADER | 00000nam a22000003a 4500 | ||
|---|---|---|---|
| 001 | stu165186 | ||
| 005 | 20150408182518.6 | ||
| 008 | 080611s2007----xr------------------cze-d | ||
| 020 | |a 978-80-02-01928-2 | ||
| 040 | |a STU |b slo | ||
| 041 | 0 | |a cze | |
| 044 | |a xr | ||
| 245 | |a Společný management kvality v dodavatelském řetězci : |b Vznik produktu. Projektová dokumentace VDA/QMC. Stav: 3.11.2006 | ||
| 250 | |a 1. vyd | ||
| 260 | |a Praha : |b Česká společnost pro jakost, |c 2007 | ||
| 300 | |a 171 s | ||
| 650 | 7 | |a automobilový priemysel |2 stusub | |
| 830 | 0 | |a Management jakosti v automobilovém průmyslu | |
| 996 | |b 284M067837 |c M*B-526 |l MMKN |s A |a 24 |w stu165186_0001 | ||